000 00988nam0a22003011 4500
001 2567954
005 20251118181747.2
021 _aRU
_b78-78091
035 _a(NLR Aleph) 006452173
090 _a5749808
_c5749808
100 _a20110316d1978 u y0rusy50 ca
101 1 _arus
_ager
_crus
102 _aRU
105 _ay z |||||
200 1 _aEinige ikonographische Eigenarten armenischer Denkmäler des Frühen Mittelalters
_fLewon Asarjan
210 _aYerevan
_cБ. и.
_d1978
215 _a10 с.
_d20
225 1 _aII International symposium on Armenian art. [Reports
_v50]
300 _aВ надзаг.: Acad. of sciences of Armenian SSR Inst. of arts
686 _aЩ133(2Ар)4-461.6,0
_2rubbk
686 _aЩ136.163(2Ар)4-382.114.12,0
_2rubbk
700 1 _aАзарян
_bЛ.Р.
_gЛевон Рубенович
801 0 _aRU
_bNLR
_gpsbo
801 1 _aRU
_bELAR
_2rusmarc
852 _aNLR
_jDesideratum
899 _aRuMoRGB
_jИн 78-2/201
942 _cBOOK
980 _aNB